000 00642nam a2200193Ii 4500
003 JO-AjNU
008 230605s9999||||xx |||||||||||||| ||und||
040 _aJO-AjNU
_bara
_erda
_cJO-AjNU
041 _aara
050 1 4 _aHA29.5.A7.O88.1982
100 3 _aالعتوم، شفيق,
_eauthor
_938321
245 0 0 _aمبادىء في الاحصاء:تطبيقات من الاحصاءات الاردنية
264 3 1 _aعمان:مكتبة النهضة الاسلامية،1982
300 _a304ص
336 _atext
_btxt
_2rdacontent
337 _aunmediated
_bn
_2rdamedia
338 _avolume
_bnc
_2rdacarrier
650 4 _aاحصاء
_938322
999 _aA16090
_c19658
_d19658